01916nam a2200229 4500003000900000005001700009008004100026040002800067041000800095100004200103245030800145260005900453300004600512502020800558504005100766505043500817650014201252650014901394700004401543700004901587700005001636DO-SdBJH20260701203855.0260701b2025 |||o|||| |||| 00| 0 spa d aDO-SdBJHbspacDO-SdBJH0 aspa1 aSantos Jiménez, Breidyesustentante10aOptimización de la cadena de suministro militar para mejorar la logística de las tropas en las operaciones de seguridad de la 4ta Brigada de Infantería /cBreidy Santos Jiménez, Wester Segura Domínguez ; asesor de contenido Pedro Reyes Calderón ; asesor metodológico Reynaldo Cruz Camacho. aSanto Domingo, República Dominicana :bUNADE,c2025. axiv, 57, [04] páginas :bfotografías. aTesis y trabajos de grado (Licenciatura en Ciencias Militares)--Universidad Nacional para la Defensa "General Juan Pablo Duarte y Díez", Academia Militar "Batalla de las Carreras", Santo Domingo, 2025. aIncluye referencias bibliográficas y anexos. aDiagnóstico de limitaciones estructurales, operativas y administrativas en la cadena de suministro de la 4ta Brigada de infantería -- Análisis de modelos y estrategias de optimización logística aplicables al contexto militar fronterizo Dominico-Haitiano -- Propuesta de optimización integral de la cadena de suministro militar para fortalecer la eficiencia logística operativa de la 4ta Brigada de Infantería, ERD. 72lembaLogística militarvTesis y disertaciones académicasxCadena de suministroxAdministración logísticazRepública Dominicana 72lembaAbastecimiento militarvTesis y disertaciones académicasxPlanificación logísticaxOperaciones militareszFrontera dominico-haitiana1 aSegura Domínguez, Westeresustentante1 aReyes Calderón, Pedroeasesor de contenido1 aCruz Camacho, Reynaldoeasesor metodológico